|
|
|
|
| LEADER |
00000nam a2200000 a 4500 |
| 001 |
vtls011883182 |
| 003 |
SK-MaSNL |
| 005 |
20260301144220.0 |
| 008 |
251112 1705 gw 000 0 lat |
| 015 |
|
|
|a SNBHFA
|
| 040 |
|
|
|a SNK
|b slo
|c SNK
|e AACR2
|
| 041 |
0 |
|
|a lat
|
| 044 |
|
|
|a gw
|c DE
|
| 072 |
|
7 |
|a 61
|x Lekárske vedy. Medicína
|2 konspekt
|
| 080 |
|
|
|a 61
|2 2011
|
| 080 |
|
|
|a (043.3)
|2 2011
|
| 100 |
1 |
|
|a Wedel, Georg Wolfgang,
|d 1645-1721
|4 aut
|9 359384
|
| 245 |
1 |
0 |
|a Dissertatio Medica Inavgvralis De Ipecacvanha Americana, Et Germanica, Rectore Magnificentissimo, Serenissimo Principe Ac Domino, Domino Gvlielmo Henrico, Dvce Saxoniae, Ivliaci, Cliviae Ac Montivm, Angariae Et Westphaliae, & reliqua,
|c Præside Georgio VVolffgango VVedelio, Hereditario in Schwartza, Medicinæ Doctore, Comite Palatino Caesareo, Consiliaro Et Archiatro Dvcali Saxonico, Theoretices Professore Pvblico Ordinario, Patrono et Praeceptore omni pietatis cultu honorando, Pro Licentia Summos in arte medica honores, Insignia & Priuilegia Doctoralia, More Maiorvm, rite capeffendi, Pvblicæ Ervditorvm Disqvisitioni Expoita a Iohanne Lavrentio Leincker, Noribergensi, Inavditorio Maiori, Horis ante et pomeridianis consuetis, A.D. April. A.C. MDCCV.
|
| 260 |
|
|
|a Jenæ
|b Litteris Christoph. Krebsii
|c MDCCV. [=1705]
|
| 300 |
|
|
|a 44 strán
|c 20 cm
|
| 500 |
|
|
|a Rok vydania rímskymi číslicami
|
| 501 |
|
|
|a Príväzok 13. k: HOFFMANN, Friedrich. Disputatio Inauguralis Medica Sistens Methodum Examinandi Aqvas Salubres... Halae Magdeb: Literis Chr. Henckelii, Acad. Typogr., MDCCIII. [=1703].
|5 SNK IC 144710
|
| 508 |
|
|
|a Predslov
|
| 510 |
4 |
|
|a VD18
|c 15165493
|
| 561 |
|
|
|a Z knižnice Učenej spoločnosti malohontskej.
|5 SNK IC 144710/prív.13
|
| 650 |
0 |
7 |
|a medicína
|2 SNKPH
|9 899
|
| 655 |
|
7 |
|a dizertácie
|2 SNKPH
|9 70277
|
| 700 |
1 |
|
|a Leincker, Johann Lorenz
|d 1682-1735
|4 dis
|9 502192
|
| 700 |
1 |
|
|a Krebs, Christoph
|4 prt
|9 359385
|
| 710 |
2 |
|
|a Učená spoločnosť malohontská
|4 fmo
|9 205374
|
| 710 |
0 |
|
|a Krebs, Christoph (Jena, Nemecko)
|4 prt
|9 185459
|
| 752 |
|
|
|a Nemecko
|d Jena
|
| 852 |
|
|
|a snk
|b Historické fondy
|p IC 144710/prív.13
|
| 958 |
|
|
|a DD
|
| 999 |
|
|
|c 776413
|d 778343
|
| 952 |
|
|
|t MHC LXX.,1331
|a SNK
|b SNK
|c SNK_HF
|y PREZ
|7 0
|p 17A1356607
|o snkIC 144710/prív.13
|i snk2019/21210
|8 5
|0 0
|1 0
|4 0
|d 2019-08-23
|l 0
|r 2026-02-24 00:50:15
|w 2026-02-24
|